20 Portraits de dictateur #2 - Statistiques

Statistiques générales
  • Ce quiz a été pris 80 fois
  • Le résultat moyen est 4 sur 20
Statistiques - réponses
Par images Hint Réponse % Correct
Libye Muammar Kadhafi
77%
Syrie Bachar al-Assad
68%
Égypte Gamal Abdel Nasser
61%
Roumanie Nicolae Ceaușescu
46%
Tunisie Zine el-Abidine Ben Ali
34%
République centrafricaine Jean-Bédel Bokassa
32%
Haïti Jean-Claude Duvalier (Baby Doc)
24%
Philippines Ferdinand Marcos
18%
Panama Manuel Noriega
15%
Paraguay Alfredo Stroessner
10%
République dominicaine Rafael Trujillo
10%
Tchad Hissène Habré
8%
Guinée Sékou Touré
7%
Liberia Charles Taylor
6%
Érythrée Isaias Afwerki
4%
Guinée-Équatoriale Teodoro Obiang Nguema Mbasogo
4%
Gambie Yahya Jammeh
4%
Éthiopie Mengistu Haile Mariam
3%
Soudan Omar el-Bechir
3%
Nicaragua Anastasio Somoza Debayle
1%
Aucun quiz correspondant
Distribution des résultats
% des personnes avec chaque résultat
Percentile par nombre de réponses
Votre historique - résultats
Vous n’avez pas pris ce quiz